[Event "Reykjavik op"]
[Site "Reykjavik"]
[Date "2016.03.15"]
[Round "9"]
[White "Kristjansson, Halldor Atli"]
[Black "Steingrimsson, Karl Egill"]
[Result "0-1"]
[WhiteElo "1346"]
[BlackElo "1693"]
[PlyCount "78"]
[EventDate "2016.03.08"]
[EventType "swiss"]
[EventRounds "10"]
[EventCountry "ISL"]
[SourceTitle "CBM 171 Extra"]
[Source "ChessBase"]
[SourceDate "2016.04.26"]
[SourceVersion "1"]
[SourceVersionDate "2016.04.26"]
[SourceQuality "1"]

1. d4 d5 2. c4 e6 3. Nc3 c6 4. Nf3 Nf6 5. e3 Nbd7 6. Bd3 dxc4 7. Bxc4 b5 8. Bd3 Bb7 9. 0-0 Be7 10. Bd2 a6 11. Qe2 c5 12. b3 0-0 13. Rac1 Rc8 14. Rfd1 Nb6 15. a4 b4 16. Na2 a5 17. Rc2 Qd5 18. Rb1 Ne4 19. Bc4 Qh5 20. Rbc1 Nxc4 21. Qxc4 Bd5 22. Qd3 Nf6 23. Qe2 Bxb3 24. Rb2 Bxa4 25. Qa6 Bc6 26. Ne5 Bd5 27. Qxa5 Ra8 28. Qc7 Bd8 29. Qxc5 Rxa2 30. Rxa2 Bxa2 31. Bxb4 Re8 32. h3 Bd5 33. Ra1 Be7 34. Qb5 Bxb4 35. Qxb4 Qg5 36. g3 Qh5 37. Kh2 Qe2 38. Ng4 Nxg4+ 39. hxg4 Qxf2+ 0-1

[Event "Reykjavik op"]
[Site "Reykjavik"]
[Date "2016.03.09"]
[Round "3"]
[White "Kristjansson, Halldor Atli"]
[Black "Kruger, Jan"]
[Result "1/2-1/2"]
[WhiteElo "1346"]
[BlackElo "1810"]
[PlyCount "103"]
[EventDate "2016.03.08"]
[EventType "swiss"]
[EventRounds "10"]
[EventCountry "ISL"]
[SourceTitle "CBM 171 Extra"]
[Source "ChessBase"]
[SourceDate "2016.04.26"]
[SourceVersion "1"]
[SourceVersionDate "2016.04.26"]
[SourceQuality "1"]

1. d4 f5 2. c4 Nf6 3. Nc3 e6 4. Nf3 Be7 5. e3 d6 6. Bd3 0-0 7. 0-0 Nc6 8. h3 Qe8 9. a3 e5 10. dxe5 dxe5 11. e4 f4 12. b4 Bd8 13. Bb2 Nb8 14. Nd5 Nbd7 15. Nxf6+ Bxf6 16. Rc1 c5 17. Qb3 b6 18. Rfd1 g5 19. Bc2 Kh8 20. Qd3 Rf7 21. Qd5 Rb8 22. Qd6 Bb7 23. Qd3 Rd8 24. Qe2 Qe6 25. Rd2 Rg8 26. Rcd1 Nf8 27. Rd6 Qe8 28. Rxf6 Rxf6 29. Bxe5 Qe7 30. Bxf6+ Qxf6 31. e5 Qf7 32. Be4 Bc8 33. Bd5 Be6 34. Qd3 g4 35. Bxe6 Nxe6 36. hxg4 Rxg4 37. Qd7 Qg6 38. Qc8+ Qg8 39. Qxg8+ Rxg8 40. Rd7 Rg7 41. Rxg7 Kxg7 42. Kf1 Kg6 43. Ke2 Kf5 44. Kd3 h5 45. Kc3 Ke4 46. Kd2 h4 47. Nxh4 Kxe5 48. Nf3+ Ke4 49. Kc3 Nd8 50. Ng5+ Kf5 51. Nf3 Ke4 52. Ng5+ 1/2-1/2

[Event "Reykjavik op"]
[Site "Reykjavik"]
[Date "2016.03.08"]
[Round "1"]
[White "Kristjansson, Halldor Atli"]
[Black "Thorhallsson, Simon"]
[Result "0-1"]
[WhiteElo "1346"]
[BlackElo "2092"]
[PlyCount "68"]
[EventDate "2016.03.08"]
[EventType "swiss"]
[EventRounds "10"]
[EventCountry "ISL"]
[SourceTitle "CBM 171 Extra"]
[Source "ChessBase"]
[SourceDate "2016.04.26"]
[SourceVersion "1"]
[SourceVersionDate "2016.04.26"]
[SourceQuality "1"]

1. d4 Nf6 2. c4 e6 3. Nf3 c5 4. e3 cxd4 5. exd4 Bb4+ 6. Nc3 0-0 7. Be2 d6 8. 0-0 Bxc3 9. bxc3 Nbd7 10. Bg5 h6 11. Bh4 Qc7 12. Qd3 b6 13. Rac1 Ba6 14. Bg3 e5 15. Nd2 Rac8 16. Qe3 Rfe8 17. Qf3 Nf8 18. Rfe1 Ne6 19. dxe5 dxe5 20. Bf1 Nc5 21. Qf5 Qd7 22. Qxd7 Nfxd7 23. Nb3 f6 24. Red1 Nf8 25. Rd5 Na4 26. c5 Bxf1 27. Kxf1 bxc5 28. f3 Red8 29. Rxd8 Rxd8 30. Bf2 Ne6 31. Ke2 Kf7 32. Na5 Nf4+ 33. Kf1 Rd2 34. Nb3 Rxa2 0-1

[Event "Reykjavik op"]
[Site "Reykjavik"]
[Date "2015.03.18"]
[Round "10"]
[White "Kristjansson, Halldor Atli"]
[Black "Arroyo Figuero, Fernando"]
[Result "0-1"]
[WhiteElo "1335"]
[BlackElo "1835"]
[PlyCount "50"]
[EventDate "2015.03.10"]
[EventType "swiss"]
[EventRounds "10"]
[EventCountry "ISL"]
[SourceTitle "CBM 165 Extra"]
[Source "ChessBase"]
[SourceDate "2015.04.21"]
[SourceVersion "1"]
[SourceVersionDate "2015.04.21"]
[SourceQuality "1"]

1. d4 d5 2. c4 e6 3. Nf3 Nf6 4. Bg5 Be7 5. Nc3 0-0 6. e3 Nbd7 7. Bd3 dxc4 8. Bxc4 a6 9. Qc2 b5 10. Be2 Bb7 11. 0-0-0 Nd5 12. Bxe7 Qxe7 13. Nxd5 Bxd5 14. Kb1 c5 15. dxc5 Nxc5 16. Bd3 g6 17. Ka1 Rac8 18. Qb1 b4 19. b3 a5 20. Ne5 a4 21. bxa4 Nxa4 22. Rd2 Qc7 23. Nc4 Bxc4 24. Bxc4 Qxc4 25. Rc1 Qxc1 0-1

[Event "Reykjavik op"]
[Site "Reykjavik"]
[Date "2015.03.14"]
[Round "6"]
[White "Kristjansson, Halldor Atli"]
[Black "Roser, Ludwig"]
[Result "1/2-1/2"]
[WhiteElo "1335"]
[BlackElo "1802"]
[PlyCount "115"]
[EventDate "2015.03.10"]
[EventType "swiss"]
[EventRounds "10"]
[EventCountry "ISL"]
[SourceTitle "CBM 165 Extra"]
[Source "ChessBase"]
[SourceDate "2015.04.21"]
[SourceVersion "1"]
[SourceVersionDate "2015.04.21"]
[SourceQuality "1"]

1. d4 d6 2. Nf3 Nf6 3. c4 Nbd7 4. Nc3 e5 5. Bg5 Be7 6. e3 0-0 7. Bd3 c6 8. 0-0 h6 9. Bh4 Re8 10. Qc2 Nh5 11. Bxe7 Qxe7 12. Bf5 g6 13. Bg4 Nhf6 14. Bh3 e4 15. Nd2 Nf8 16. Bxc8 Raxc8 17. f3 d5 18. f4 Ng4 19. Rae1 f5 20. h3 Nf6 21. Qa4 a6 22. Qa5 Qc7 23. Qxc7 Rxc7 24. Rc1 Rg7 25. cxd5 cxd5 26. Na4 Ne6 27. Nc5 Nxc5 28. Rxc5 Rd7 29. Rfc1 Kf7 30. Rc7 Ke6 31. Nb3 b6 32. R1c6+ Rd6 33. Rc3 Re7 34. R7c6 Red7 35. Rxd6+ Kxd6 36. Kf2 Rc7 37. Rxc7 Kxc7 38. Nd2 Kc6 39. Ke2 Kb5 40. Kd1 Kb4 41. Kc2 Nh5 42. Nf1 Nf6 43. Nd2 h5 44. Nf1 h4 45. Nd2 Nh5 46. Nf1 a5 47. a3+ Ka4 48. Kc1 b5 49. Kc2 b4 50. axb4 Kxb4 51. Kc1 a4 52. Kc2 Ng7 53. Nd2 Ne8 54. Nb1 Nc7 55. Nc3 a3 56. bxa3+ Kxa3 57. Nb1+ Kb4 58. Nc3 1/2-1/2

[Event "Reykjavik op"]
[Site "Reykjavik"]
[Date "2015.03.12"]
[Round "4"]
[White "Kristjansson, Halldor Atli"]
[Black "Steinthorsson, Felix"]
[Result "0-1"]
[WhiteElo "1335"]
[BlackElo "1634"]
[PlyCount "88"]
[EventDate "2015.03.10"]
[EventType "swiss"]
[EventRounds "10"]
[EventCountry "ISL"]
[SourceTitle "CBM 165 Extra"]
[Source "ChessBase"]
[SourceDate "2015.04.21"]
[SourceVersion "1"]
[SourceVersionDate "2015.04.21"]
[SourceQuality "1"]

1. d4 d5 2. c4 c6 3. Nf3 Nf6 4. Bg5 Bf5 5. Bxf6 gxf6 6. e3 Nd7 7. Nc3 e6 8. cxd5 cxd5 9. Bd3 Bxd3 10. Qxd3 a6 11. 0-0-0 Rc8 12. Kb1 b5 13. Rc1 Nb6 14. Nd2 Nc4 15. Nxc4 bxc4 16. Qc2 Qa5 17. Qa4+ Qxa4 18. Nxa4 Rb8 19. Ka1 Rb4 20. Nc3 Rg8 21. g3 f5 22. Ne2 Bd6 23. Rc2 Ke7 24. f4 Rgb8 25. Rg1 h5 26. h4 a5 27. Nc3 Rg8 28. Rcg2 Rbb8 29. Rc2 Kd7 30. Rcg2 Rg4 31. Kb1 Rbg8 32. Kc1 Be7 33. Kd2 Bxh4 34. Ne2 Be7 35. Ke1 h4 36. Kf2 Kc6 37. a4 Rb8 38. Rb1 hxg3+ 39. Rxg3 Bh4 40. Kf3 Bxg3 41. Nxg3 Rb4 42. Nh5 Rxa4 43. Nf6 Rg6 44. Nh7 Rb4 0-1